Presidents of Malawi by Picture - Statistics

General Stats
  • This quiz has been taken 13 times
  • The average score is 5 of 7
Answer Stats
Picture Hint Answer % Correct
1966-1994 Hastings Banda
100%
2012-2014 Joyce Banda
89%
2020-2025 Lazarus Chakwera
78%
1994-2004 Bakili Muluzi
67%
2004-2012 Bingu wa Mutharika
67%
1964-1966 Glyn Smallwood Jones
67%
2014-2020 | 2025-Present Peter Mutharika
67%
No matching quizzes found
Score Distribution
Percent of People with Each Score
Percentile by Number Answered
Your Score History
You have not taken this quiz